[Event "Titled Tuesday intern op 07th May Early"]
[Site "Chess.com INT"]
[Date "2024.05.07"]
[Round "2"]
[White "Brown, Andrew"]
[Black "Aliyev, Ravan"]
[Result "0-1"]
[WhiteElo "2279"]
[BlackElo "2355"]
[PlyCount "90"]
[EventDate "2024.05.07"]
[EventType "swiss (blitz)"]
[EventRounds "11"]
[EventCountry "USA"]
[SourceTitle "EXT 2025"]
[Source "ChessBase"]
[SourceDate "2024.10.14"]
[SourceVersion "1"]
[SourceVersionDate "2024.10.14"]
[SourceQuality "1"]

1. d4 d5 2. c4 c6 3. Nf3 Nf6 4. Nc3 e6 5. Bg5 Nbd7 6. e3 h6 7. Bh4 g5 8. Bg3 Nh5 9. Bd3 Nxg3 10. hxg3 Bg7 11. a3 a6 12. Rc1 dxc4 13. Bxc4 b5 14. Ba2 Bb7 15. Ne4 Ke7 16. Qb3 a5 17. Nc5 Nxc5 18. Rxc5 Qd6 19. 0-0 Bf6 20. Rfc1 Rhg8 21. Ne5 Bxe5 22. Rxe5 Rac8 23. Rcc5 Rc7 24. Qc2 Rg6 25. f4 gxf4 26. gxf4 Bc8 27. f5 Rf6 28. Qf2 Kf8 29. Qh4 exf5 30. Qf4 Re7 31. Rxe7 Kxe7 32. Qh4 Kf8 33. Re5 Bd7 34. Qf4 Kg7 35. Kf2 a4 36. Bb1 b4 37. axb4 Qxb4 38. Bd3 Qxb2+ 39. Kf3 Qc1 40. Re7 Be6 41. Qg3+ Rg6 42. Qe5+ Rf6 43. Qg3+ Kf8 44. Qd6 Bd5+ 45. Re4+ Rxd6 0-1

[Event "Titled Tuesday intern op 30th Apr Early"]
[Site "Chess.com INT"]
[Date "2024.04.30"]
[Round "10"]
[White "Brown, Andrew"]
[Black "Mizzi, Jack"]
[Result "0-1"]
[WhiteElo "2279"]
[BlackElo "2051"]
[PlyCount "118"]
[EventDate "2024.04.30"]
[EventType "swiss (blitz)"]
[EventRounds "11"]
[EventCountry "USA"]
[SourceTitle "CBM 220 Extra"]
[Source "ChessBase"]
[SourceDate "2024.07.31"]
[SourceVersion "1"]
[SourceVersionDate "2024.07.31"]
[SourceQuality "1"]

1. d4 Nf6 2. Nf3 e6 3. Bg5 d5 4. Nbd2 Nbd7 5. e3 c5 6. c3 Be7 7. Bd3 h6 8. Bh4 b6 9. 0-0 Bb7 10. a4 Ne4 11. Bxe7 Qxe7 12. a5 0-0 13. a6 Bc6 14. Qb1 f5 15. Rc1 Rac8 16. b4 c4 17. Bf1 b5 18. Ra2 g5 19. Ne1 Nb6 20. f3 Nf6 21. Ra5 g4 22. Kh1 Kh8 23. Be2 h5 24. g3 Qg7 25. Ng2 gxf3 26. Nxf3 Ne4 27. Nf4 Qh6 28. Nh4 Be8 29. Rc2 Na4 30. Qe1 Rg8 31. Bf3 Ng5 32. Bd1 Ne4 33. Bf3 Ng5 34. Rf2 Rc7 35. Bd1 Nb6 36. Bc2 Nc8 37. Qf1 Nd6 38. Nf3 Nge4 39. Bxe4 Nxe4 40. Rc2 Rg4 41. Nd2 Rcg7 42. Nxe4 fxe4 43. Rf2 h4 44. Qh3 Kh7 45. Ra1 hxg3 46. Qxh6+ Kxh6 47. hxg3 Rh7 48. Rh2+ Kg7 49. Rxh7+ Kxh7 50. Kg2 Bd7 51. Rh1+ Kg7 52. Rh4 Rg5 53. Nh3 Rf5 54. Rg4+ Kf6 55. Nf4 Bc8 56. Rg6+ Kf7 57. Rh6 Rf6 58. Rxf6+ Kxf6 59. Kh3 e5+ 0-1

[Event "Titled Tuesday intern op 30th Apr Early"]
[Site "Chess.com INT"]
[Date "2024.04.30"]
[Round "11"]
[White "Brown, Andrew"]
[Black "Rodriguez Lopez, David"]
[Result "1-0"]
[WhiteElo "2279"]
[BlackElo "2191"]
[PlyCount "65"]
[EventDate "2024.04.30"]
[EventType "swiss (blitz)"]
[EventRounds "11"]
[EventCountry "USA"]
[SourceTitle "CBM 220 Extra"]
[Source "ChessBase"]
[SourceDate "2024.07.31"]
[SourceVersion "1"]
[SourceVersionDate "2024.07.31"]
[SourceQuality "1"]

1. d4 d5 2. Nf3 c6 3. c4 Nf6 4. Nc3 Bf5 5. cxd5 Nxd5 6. Qb3 Nb6 7. e4 Bg6 8. Bg5 h6 9. Bh4 Qc8 10. a4 e6 11. a5 N6d7 12. Be2 Bd6 13. Bc4 0-0 14. Bxe6 fxe6 15. Qxe6+ Kh7 16. Qxd6 Na6 17. 0-0 c5 18. d5 Nb4 19. e5 Re8 20. e6 Nf6 21. Bxf6 gxf6 22. Rad1 Rg8 23. Qf4 Rg7 24. Qxf6 Qc7 25. d6 Qc6 26. d7 Be4 27. d8Q Rxd8 28. Rxd8 Bxf3 29. Qf5+ Rg6 30. Rd7+ Kh8 31. Qe5+ Kg8 32. Qb8+ Qc8 33. Qxc8# 1-0

[Event "Titled Tuesday intern op 30th Apr Early"]
[Site "Chess.com INT"]
[Date "2024.04.30"]
[Round "5"]
[White "Fichter, Fabian"]
[Black "Brown, Andrew"]
[Result "1-0"]
[WhiteElo "2303"]
[BlackElo "2279"]
[PlyCount "127"]
[EventDate "2024.04.30"]
[EventType "swiss (blitz)"]
[EventRounds "11"]
[EventCountry "USA"]
[SourceTitle "CBM 220 Extra"]
[Source "ChessBase"]
[SourceDate "2024.07.31"]
[SourceVersion "1"]
[SourceVersionDate "2024.07.31"]
[SourceQuality "1"]

1. c4 e5 2. Nc3 Nc6 3. Nf3 g6 4. e3 Bg7 5. d4 exd4 6. exd4 d6 7. h3 Nge7 8. Be2 0-0 9. 0-0 a5 10. Nb5 h6 11. Re1 Kh7 12. Bf4 Re8 13. Qd2 a4 14. Rad1 b6 15. d5 Na5 16. Nfd4 Nf5 17. Bf1 Rxe1 18. Rxe1 Nxd4 19. Nxd4 Qf6 20. Be3 Ba6 21. Qc2 Nb7 22. Qxa4 Nc5 23. Qc2 Re8 24. b4 Nd7 25. Nc6 Bb7 26. a4 Qc3 27. Qxc3 Bxc3 28. Rb1 Bxc6 29. dxc6 Ne5 30. b5 Ra8 31. Rb3 Ba1 32. Ra3 Bb2 33. Ra2 Bc3 34. f4 Nxc4 35. Bxc4 Re8 36. Kf2 f5 37. Re2 Ra8 38. Ra2 Re8 39. Bb3 Kg7 40. Re2 Ra8 41. Kf3 Bf6 42. Bd2 g5 43. fxg5 hxg5 44. Re6 Rd8 45. g4 fxg4+ 46. hxg4 d5 47. Bc2 d4 48. Be4 d3 49. Bf5 Rd4 50. Re4 Rd5 51. Re3 Rc5 52. Rxd3 Rc4 53. Rd7+ Kf8 54. Rxc7 Rxa4 55. Rc8+ Kf7 56. c7 Ra3+ 57. Ke2 Be5 58. Rb8 Bxc7 59. Rb7 Kf6 60. Rxc7 Re3+ 61. Kd1 Re1+ 62. Kxe1 Ke5 63. Bxg5 Kd4 64. Re7 1-0

[Event "Titled Tuesday intern op 30th Apr Early"]
[Site "Chess.com INT"]
[Date "2024.04.30"]
[Round "1"]
[White "Lopez del Alamo, Antonio"]
[Black "Brown, Andrew"]
[Result "0-1"]
[WhiteElo "2237"]
[BlackElo "2279"]
[PlyCount "54"]
[EventDate "2024.04.30"]
[EventType "swiss (blitz)"]
[EventRounds "11"]
[EventCountry "USA"]
[SourceTitle "CBM 220 Extra"]
[Source "ChessBase"]
[SourceDate "2024.07.31"]
[SourceVersion "1"]
[SourceVersionDate "2024.07.31"]
[SourceQuality "1"]

1. e4 c5 2. Nf3 Nc6 3. b4 e5 4. b5 Nd4 5. Nxe5 Qe7 6. Nf3 Qxe4+ 7. Be2 Nxc2+ 8. Kf1 Nxa1 9. Nc3 Qe6 10. Bb2 Nf6 11. Bxa1 Be7 12. d4 d5 13. dxc5 Bxc5 14. Na4 Be7 15. Nd4 Qd6 16. f3 0-0 17. Kf2 Bd7 18. Bd3 a6 19. Re1 Rfe8 20. Nc3 Qb6 21. Na4 Qc7 22. b6 Qd6 23. Kg1 Bxa4 24. Qxa4 Qxb6 25. Kh1 Bc5 26. Rb1 Qxb1+ 27. Bxb1 Re1# 0-1

[Event "Titled Tuesday intern op 30th Apr Early"]
[Site "Chess.com INT"]
[Date "2024.04.30"]
[Round "9"]
[White "Skaric, Djuro"]
[Black "Brown, Andrew"]
[Result "1/2-1/2"]
[WhiteElo "2297"]
[BlackElo "2279"]
[PlyCount "170"]
[EventDate "2024.04.30"]
[EventType "swiss (blitz)"]
[EventRounds "11"]
[EventCountry "USA"]
[SourceTitle "CBM 220 Extra"]
[Source "ChessBase"]
[SourceDate "2024.07.31"]
[SourceVersion "1"]
[SourceVersionDate "2024.07.31"]
[SourceQuality "1"]

1. g3 d5 2. Bg2 Nf6 3. d3 Bg4 4. Nf3 Nbd7 5. 0-0 e6 6. h3 Bh5 7. Nc3 c6 8. Bf4 Be7 9. Ne5 Nxe5 10. Bxe5 0-0 11. g4 Bg6 12. e4 Nd7 13. Bf4 e5 14. Bd2 d4 15. Ne2 Bh4 16. c3 dxc3 17. bxc3 Nc5 18. d4 Nxe4 19. Be3 exd4 20. cxd4 Re8 21. Qb3 Nd6 22. Nc3 Bg5 23. Rfe1 Bxe3 24. fxe3 Qb6 25. Qxb6 axb6 26. e4 Ra3 27. e5 Nc4 28. Rac1 b5 29. d5 Rxe5 30. dxc6 bxc6 31. Rxe5 Nxe5 32. Nxb5 Rxa2 33. Nd4 h5 34. Nxc6 Rxg2+ 35. Kxg2 Be4+ 36. Kg3 Bxc6 37. gxh5 f6 38. Rc3 Be8 39. Kh4 Kf8 40. Rc8 Nf7 41. Rc5 Nh6 42. Kg3 Ke7 43. Kf4 Bd7 44. Rc3 Nf7 45. Rg3 Kf8 46. Rd3 Ne5 47. Ra3 Be8 48. h6 gxh6 49. Kf5 Kg7 50. h4 Bg6+ 51. Ke6 h5 52. Ra7+ Bf7+ 53. Kf5 Ng4 54. Ra1 Nh6+ 55. Kf4 Be6 56. Ra7+ Kg6 57. Ra8 Bg4 58. Rb8 Nf5 59. Rg8+ Kf7 60. Rb8 Nxh4 61. Rb7+ Kg6 62. Rb6 Nf5 63. Rb3 Ng7 64. Rb6 Ne6+ 65. Kg3 f5 66. Rxe6+ Kg5 67. Re5 h4+ 68. Kf2 Kf4 69. Re7 Bf3 70. Rh7 Bg4 71. Rxh4 Kg5 72. Rh8 f4 73. Rg8+ Kf5 74. Rf8+ Kg5 75. Rb8 Kf5 76. Rb5+ Ke4 77. Rg5 Bf5 78. Ke2 Bh3 79. Kf2 Bf5 80. Rg7 Ke5 81. Re7+ Kf6 82. Re8 Kg5 83. Rg8+ Kf6 84. Kf3 Be6 85. Kxf4 Bxg8 1/2-1/2

[Event "Titled Tuesday intern op 16th Apr Early"]
[Site "Chess.com INT"]
[Date "2024.04.16"]
[Round "10"]
[White "Brown, Andrew"]
[Black "Nimay, Agrawal"]
[Result "0-1"]
[WhiteElo "2279"]
[BlackElo "1843"]
[PlyCount "88"]
[EventDate "2024.04.16"]
[EventType "swiss (blitz)"]
[EventRounds "11"]
[EventCountry "USA"]
[SourceTitle "CBM 219 Extra"]
[Source "ChessBase"]
[SourceDate "2024.05.31"]
[SourceVersion "1"]
[SourceVersionDate "2024.05.31"]
[SourceQuality "1"]

1. d4 d5 2. Nf3 Nf6 3. c4 e6 4. Nc3 Be7 5. Bg5 Nbd7 6. e3 h6 7. Bh4 0-0 8. Qc2 c5 9. cxd5 cxd4 10. Nxd4 Nxd5 11. Bxe7 Nxe7 12. 0-0-0 a6 13. Kb1 Qc7 14. Be2 b5 15. Bf3 Bb7 16. Ncxb5 Qxc2+ 17. Nxc2 Bxf3 18. Rxd7 Bxg2 19. Rg1 Be4 20. Nc3 Bxc2+ 21. Kxc2 Nc6 22. f4 Rad8 23. Rgd1 Rxd7 24. Rxd7 Rd8 25. Rc7 Nb4+ 26. Kb3 Nd5 27. Nxd5 Rxd5 28. a4 e5 29. fxe5 Rxe5 30. Rc3 f5 31. Kb4 a5+ 32. Kc4 g5 33. Rb3 Kg7 34. Rb5 Re4+ 35. Kb3 Rxe3+ 36. Ka2 Kg6 37. Rxa5 f4 38. Ra6+ Kf5 39. Rxh6 f3 40. Rh8 Ke4 41. a5 f2 42. Re8+ Kf3 43. Rf8+ Kg2 44. a6 Re6 0-1

[Event "Titled Tuesday intern op 16th Apr Early"]
[Site "Chess.com INT"]
[Date "2024.04.16"]
[Round "6"]
[White "Kostiukov, Alexandr"]
[Black "Brown, Andrew"]
[Result "0-1"]
[WhiteElo "2271"]
[BlackElo "2279"]
[PlyCount "68"]
[EventDate "2024.04.16"]
[EventType "swiss (blitz)"]
[EventRounds "11"]
[EventCountry "USA"]
[SourceTitle "CBM 219 Extra"]
[Source "ChessBase"]
[SourceDate "2024.05.31"]
[SourceVersion "1"]
[SourceVersionDate "2024.05.31"]
[SourceQuality "1"]

1. g3 d5 2. Bg2 Nf6 3. d3 e5 4. e4 Nc6 5. exd5 Nxd5 6. Nc3 Nxc3 7. bxc3 Bd6 8. Ne2 0-0 9. 0-0 Be6 10. a4 Qd7 11. c4 Bh3 12. Nc3 Nd4 13. Be3 c6 14. Bxd4 exd4 15. Ne4 Bxg2 16. Kxg2 Bb4 17. Rb1 a5 18. Qh5 f5 19. Ng5 h6 20. Nh3 Qf7 21. Qf3 g5 22. Qd1 Rae8 23. f4 g4 24. Nf2 Re3 25. h3 h5 26. hxg4 hxg4 27. Rh1 Rfe8 28. Qg1 Rf3 29. Qh2 Qg7 30. Qh5 Re2 31. Rhf1 Qh7 32. Qg5+ Kf7 33. c3 Qh3+ 34. Kg1 Rxg3# 0-1

[Event "Titled Tuesday intern op 31st Oct Early"]
[Site "Chess.com INT"]
[Date "2023.10.31"]
[Round "8"]
[White "Brown, Andrew"]
[Black "Nagare, Kaivalya Sandip"]
[Result "0-1"]
[WhiteElo "2279"]
[BlackElo "2095"]
[PlyCount "88"]
[EventDate "2023.10.31"]
[EventType "swiss (blitz)"]
[EventRounds "11"]
[EventCountry "USA"]
[SourceTitle "EXT 2025"]
[Source "ChessBase"]
[SourceDate "2024.10.14"]
[SourceVersion "1"]
[SourceVersionDate "2024.10.14"]
[SourceQuality "1"]

1. d4 Nf6 2. c4 g6 3. Nc3 Bg7 4. e4 d6 5. g3 0-0 6. Bg2 Nc6 7. Nge2 a6 8. 0-0 Rb8 9. h3 e5 10. d5 Ne7 11. a4 Nd7 12. f4 f5 13. exf5 Nxf5 14. g4 Nh4 15. Bh1 exf4 16. Nxf4 Ne5 17. Qe2 h5 18. gxh5 Qf6 19. Be3 Nf5 20. Ne4 Qh4 21. Nxg6 Nxg6 22. hxg6 Bd7 23. Bg2 Rbe8 24. Rf4 Qe7 25. Raf1 Bh6 26. Rxf5 Bxe3+ 27. Qxe3 Bxf5 28. Re1 Bxg6 29. Qg3 Qg7 30. h4 Bxe4 31. Qxg7+ Kxg7 32. Rxe4 Rxe4 33. Bxe4 Rf4 34. Bd3 Rxh4 35. Be2 Kf6 36. Kf2 Ke5 37. Ke3 Rh3+ 38. Kd2 Kd4 39. a5 Rb3 40. Kc2 Re3 41. Bf1 Rf3 42. Be2 Rf2 43. Kd2 Rxe2+ 44. Kxe2 Kxc4 0-1

[Event "Titled Tuesday intern op 31st Oct Early"]
[Site "Chess.com INT"]
[Date "2023.10.31"]
[Round "3"]
[White "Mishra, Manoj"]
[Black "Brown, Andrew"]
[Result "0-1"]
[WhiteElo "1902"]
[BlackElo "2279"]
[PlyCount "48"]
[EventDate "2023.10.31"]
[EventType "swiss (blitz)"]
[EventRounds "11"]
[EventCountry "USA"]
[SourceTitle "EXT 2025"]
[Source "ChessBase"]
[SourceDate "2024.10.14"]
[SourceVersion "1"]
[SourceVersionDate "2024.10.14"]
[SourceQuality "1"]

1. d4 c6 2. c4 d5 3. Nc3 Nf6 4. Bf4 e6 5. c5 b6 6. b4 a5 7. a3 Ba6 8. b5 Bxb5 9. Nxb5 cxb5 10. e3 bxc5 11. Bxb5+ Nbd7 12. Nf3 Be7 13. dxc5 Bxc5 14. Qc2 0-0 15. Bxd7 Nxd7 16. Ng5 g6 17. h4 Qf6 18. Rb1 Rfc8 19. Qd3 e5 20. h5 exf4 21. hxg6 hxg6 22. Qxd5 fxe3 23. Nxf7 Qxf2+ 24. Kd1 e2+ 0-1

[Event "Titled Tuesday intern op 24th Oct Early"]
[Site "Chess.com INT"]
[Date "2023.10.24"]
[Round "5"]
[White "Brown, Andrew"]
[Black "Titichoca Daza, Daniel Henry"]
[Result "1-0"]
[WhiteElo "2279"]
[BlackElo "2157"]
[PlyCount "65"]
[EventDate "2023.10.24"]
[EventType "swiss (blitz)"]
[EventRounds "11"]
[EventCountry "USA"]
[SourceTitle "EXT 2025"]
[Source "ChessBase"]
[SourceDate "2024.10.14"]
[SourceVersion "1"]
[SourceVersionDate "2024.10.14"]
[SourceQuality "1"]

1. d4 Nf6 2. c4 e6 3. Nc3 c5 4. d5 exd5 5. cxd5 d6 6. e4 g6 7. Nf3 a6 8. a4 Bg4 9. Bd3 Bg7 10. 0-0 0-0 11. h3 Bxf3 12. Qxf3 Nfd7 13. Qe2 Ne5 14. Bc2 Re8 15. Be3 a5 16. f4 Ned7 17. Qd2 Na6 18. Rae1 Nb4 19. Bb1 Rc8 20. Nb5 Nb6 21. b3 c4 22. Qf2 Na8 23. bxc4 Rxc4 24. Rc1 Rcxe4 25. Bxe4 Rxe4 26. Nxd6 Qxd6 27. Rc8+ Bf8 28. Bc5 Kg7 29. Bxd6 Bxd6 30. Rxa8 Rc4 31. Qb2+ f6 32. Kh1 b6 33. Ra7+ 1-0

[Event "Titled Tuesday intern op 24th Oct Early"]
[Site "Chess.com INT"]
[Date "2023.10.24"]
[Round "2"]
[White "Gines Esteo, Pedro Antonio"]
[Black "Brown, Andrew"]
[Result "1-0"]
[WhiteElo "2490"]
[BlackElo "2279"]
[PlyCount "93"]
[EventDate "2023.10.24"]
[EventType "swiss (blitz)"]
[EventRounds "11"]
[EventCountry "USA"]
[SourceTitle "EXT 2025"]
[Source "ChessBase"]
[SourceDate "2024.10.14"]
[SourceVersion "1"]
[SourceVersionDate "2024.10.14"]
[SourceQuality "1"]

1. Nf3 d5 2. g3 Nf6 3. Bg2 Bf5 4. 0-0 c6 5. c4 e6 6. cxd5 exd5 7. d3 Be7 8. Nc3 0-0 9. Nd4 Bg6 10. e4 c5 11. Nc2 dxe4 12. dxe4 Nc6 13. Ne3 Qxd1 14. Rxd1 Rfd8 15. Ned5 Nxd5 16. Nxd5 Bf8 17. Be3 b6 18. Rac1 f6 19. a3 Ne7 20. Nc7 Rac8 21. Ne6 Rxd1+ 22. Rxd1 Kf7 23. Nxf8 Kxf8 24. Rd7 Nc6 25. f4 Be8 26. Rd2 Na5 27. Rd1 Bc6 28. b4 cxb4 29. axb4 Nc4 30. Bf2 Re8 31. Rc1 b5 32. Re1 a6 33. Bc5+ Kf7 34. Kf2 f5 35. e5 Bxg2 36. Kxg2 Rd8 37. e6+ Ke8 38. Ra1 Ra8 39. h3 a5 40. bxa5 Rxa5 41. Rb1 Ra2+ 42. Kf3 Rb2 43. Ra1 Rb3+ 44. Kf2 Rb2+ 45. Kg1 Kd8 46. e7+ Kd7 47. Ra7+ 1-0

[Event "Titled Tuesday intern op 24th Oct Early"]
[Site "Chess.com INT"]
[Date "2023.10.24"]
[Round "6"]
[White "Papasimakopoulos, Alexandros"]
[Black "Brown, Andrew"]
[Result "1-0"]
[WhiteElo "2416"]
[BlackElo "2279"]
[PlyCount "93"]
[EventDate "2023.10.24"]
[EventType "swiss (blitz)"]
[EventRounds "11"]
[EventCountry "USA"]
[SourceTitle "EXT 2025"]
[Source "ChessBase"]
[SourceDate "2024.10.14"]
[SourceVersion "1"]
[SourceVersionDate "2024.10.14"]
[SourceQuality "1"]

1. d4 Nf6 2. c4 e6 3. Nc3 d5 4. cxd5 exd5 5. Bg5 c6 6. e3 Bf5 7. Qf3 Bg6 8. Bxf6 Qxf6 9. Qxf6 gxf6 10. Nf3 Nd7 11. Nh4 Bd6 12. Kd2 0-0-0 13. Bd3 Rde8 14. Nf5 Bc7 15. Rac1 Kb8 16. h4 h5 17. Rcg1 Nb6 18. b3 Nc8 19. g4 Nd6 20. Nxd6 Bxd6 21. Bxg6 fxg6 22. gxh5 gxh5 23. Rg6 Be7 24. Ne2 Reg8 25. Nf4 Bd8 26. Rxg8 Rxg8 27. Nxh5 f5 28. Ng3 f4 29. exf4 Rg4 30. h5 Rxf4 31. h6 Rxf2+ 32. Ke3 Rxa2 33. h7 Bf6 34. Rh6 Bh8 35. Rg6 Kc7 36. Rg8 Rg2 37. Kf3 Rh2 38. Rxh8 Kb6 39. Kg4 Rxh7 40. Rxh7 a5 41. Kf4 Ka6 42. Ke3 b6 43. Nf5 Kb5 44. Rb7 c5 45. dxc5 Kxc5 46. Nd4 a4 47. bxa4 1-0

[Event "Titled Tuesday intern op 03rd Jan Early"]
[Site "Chess.com INT"]
[Date "2023.01.03"]
[Round "2"]
[White "Mica, Marek"]
[Black "Brown, Andrew"]
[Result "1-0"]
[WhiteElo "2244"]
[BlackElo "2279"]
[PlyCount "123"]
[EventDate "2023.01.03"]
[EventType "swiss (blitz)"]
[EventRounds "11"]
[EventCountry "USA"]
[SourceTitle "EXT 2024"]
[Source "ChessBase"]
[SourceDate "2023.10.10"]
[SourceVersion "1"]
[SourceVersionDate "2023.10.10"]
[SourceQuality "1"]

1. d4 d5 2. c4 e6 3. Nf3 Nf6 4. g3 dxc4 5. Bg2 b5 6. a4 c6 7. axb5 cxb5 8. b3 Bb4+ 9. Bd2 Bxd2+ 10. Qxd2 cxb3 11. Qb4 Nd5 12. Qxb3 a6 13. 0-0 0-0 14. e4 Nf6 15. Nc3 Bb7 16. Rfe1 Nc6 17. Rad1 Na5 18. Qb4 Rc8 19. Ne5 Nc6 20. Nxc6 Rxc6 21. d5 Rc4 22. Qb3 exd5 23. Nxd5 Bxd5 24. exd5 Qd6 25. Rc1 Rfc8 26. Ra1 h6 27. Red1 Rc2 28. Ra2 Rxa2 29. Qxa2 Nd7 30. Bh3 Ra8 31. Rc1 Nc5 32. Qa3 Ne4 33. Qd3 Nf6 34. Bg2 Rd8 35. Rd1 Kf8 36. h3 b4 37. Qc4 a5 38. Ra1 Qb6 39. Bf3 Ne8 40. Qe4 Kg8 41. Qe7 Nd6 42. Rc1 Re8 43. Qd7 Rf8 44. Rc6 Qb5 45. Rxd6 Qxd7 46. Rxd7 Rb8 47. d6 b3 48. Rb7 Rxb7 49. Bxb7 Kf8 50. Bd5 a4 51. Kf1 Ke8 52. Ke2 Kd7 53. Bxf7 Kxd6 54. Kd3 Ke5 55. Kc3 g5 56. Be8 Ke4 57. Bc6+ Ke5 58. Bxa4 Ke4 59. Bc6+ Ke5 60. Kxb3 Kd4 61. Kc2 g4 62. hxg4 1-0

[Event "Titled Tuesday intern op 13th Dec Late"]
[Site "Chess.com INT"]
[Date "2022.12.13"]
[Round "8"]
[White "Bornholdt, Joa Max"]
[Black "Brown, Andrew"]
[Result "1-0"]
[WhiteElo "2304"]
[BlackElo "2279"]
[PlyCount "69"]
[EventDate "2022.12.13"]
[EventType "swiss (blitz)"]
[EventRounds "11"]
[EventCountry "USA"]
[SourceTitle "EXT 2024"]
[Source "ChessBase"]
[SourceDate "2023.10.10"]
[SourceVersion "1"]
[SourceVersionDate "2023.10.10"]
[SourceQuality "1"]

1. d4 Nf6 2. c4 e6 3. Nc3 c5 4. d5 exd5 5. cxd5 d6 6. e4 a6 7. a4 g6 8. Nge2 Bg7 9. Ng3 0-0 10. Be2 Re8 11. 0-0 Nbd7 12. Bg5 h6 13. Be3 h5 14. Bg5 Qc7 15. Qd2 Nh7 16. Be3 h4 17. Nh1 Bxc3 18. bxc3 Rxe4 19. Bd3 Re5 20. c4 Ndf6 21. f4 Re8 22. Nf2 Ng4 23. Nxg4 Bxg4 24. f5 h3 25. fxg6 fxg6 26. Bxg6 Re7 27. Rf4 Bd7 28. Rh4 Rf8 29. Qd3 Be8 30. Bh6 Rf6 31. Rg4 Bxg6 32. Rxg6+ Rxg6 33. Qxg6+ Kh8 34. Rf1 Qd8 35. Bg5 1-0

[Event "Titled Tuesday intern op 13th Dec Late"]
[Site "Chess.com INT"]
[Date "2022.12.13"]
[Round "2"]
[White "Itgelt, Khuyagtsogt"]
[Black "Brown, Andrew"]
[Result "0-1"]
[WhiteElo "2158"]
[BlackElo "2279"]
[PlyCount "84"]
[EventDate "2022.12.13"]
[EventType "swiss (blitz)"]
[EventRounds "11"]
[EventCountry "USA"]
[SourceTitle "EXT 2024"]
[Source "ChessBase"]
[SourceDate "2023.10.10"]
[SourceVersion "1"]
[SourceVersionDate "2023.10.10"]
[SourceQuality "1"]

1. d4 d5 2. Nf3 Nf6 3. c4 e6 4. Nc3 Be7 5. Bg5 h6 6. Bh4 0-0 7. e3 a6 8. Qc2 Nbd7 9. Rc1 dxc4 10. a4 b5 11. axb5 axb5 12. Nxb5 Bb4+ 13. Nc3 Nb6 14. Ne5 Bb7 15. Nxc4 g5 16. Bg3 Nxc4 17. Bxc4 Bxg2 18. Rg1 Be4 19. Qe2 c5 20. dxc5 Qa5 21. h4 Bxc3+ 22. bxc3 Qa3 23. Qd2 Rfd8 24. Bd6 Bd5 25. hxg5 Ne4 26. gxh6+ Kh8 27. Qd4+ f6 28. Rd1 Qb2 29. Be2 Ra2 30. Qd3 Nxc3 31. Rd2 Qc1+ 32. Bd1 Be4 33. Qd4 e5 34. Bxe5 Rxd4 35. Bxf6+ Kh7 36. Rg7+ Kxh6 37. Rxd4 Re2+ 38. Kf1 Nxd1 39. Kg1 Nxe3+ 40. Kh2 Rxf2+ 41. Kg3 Qg1+ 42. Kh4 Rh2# 0-1

[Event "Titled Tuesday intern op 29th Nov Late"]
[Site "Chess.com INT"]
[Date "2022.11.29"]
[Round "9"]
[White "Brown, Andrew"]
[Black "Harish, Neeraj"]
[Result "0-1"]
[WhiteElo "2279"]
[BlackElo "1944"]
[PlyCount "114"]
[EventDate "2022.11.29"]
[EventType "swiss (blitz)"]
[EventRounds "11"]
[EventCountry "USA"]
[SourceTitle "EXT 2024"]
[Source "ChessBase"]
[SourceDate "2023.10.10"]
[SourceVersion "1"]
[SourceVersionDate "2023.10.10"]
[SourceQuality "1"]

1. d4 Nf6 2. c4 g6 3. Nc3 d5 4. g3 Bg7 5. Bg2 c6 6. Nf3 0-0 7. 0-0 Bf5 8. b3 Ne4 9. Bb2 Nxc3 10. Bxc3 Be4 11. Bh3 Bxf3 12. exf3 e6 13. f4 Nd7 14. Re1 Nf6 15. Bb4 Re8 16. f3 Nd7 17. Bd6 dxc4 18. bxc4 Nb6 19. c5 Nc4 20. Be5 Nxe5 21. fxe5 Qd5 22. Re4 Red8 23. Qb3 Qxb3 24. axb3 a6 25. f4 Rd7 26. Kf2 Rad8 27. Ke3 Kf8 28. g4 Bh6 29. Bf1 Rd5 30. h4 Ke7 31. Bc4 R5d7 32. Kd3 Bg7 33. Kc3 Kf8 34. Rf1 h6 35. f5 gxf5 36. gxf5 exf5 37. Rxf5 Re7 38. Ref4 Rdd7 39. e6 Rc7 40. exf7 Rcd7 41. Rf3 Rc7 42. R5f4 Rcd7 43. Kd3 Rc7 44. Re4 Rcd7 45. Rxe7 Rxe7 46. Rf4 Rd7 47. Re4 Rd8 48. Ke3 Bf6 49. h5 Bg7 50. b4 Bf6 51. Be6 Bg5+ 52. Kd3 Kg7 53. d5 cxd5 54. Re2 d4 55. Bc4 Kf8 56. Bd5 Rxd5 57. Re8+ Kxf7 0-1

[Event "Titled Tuesday intern op 29th Nov Late"]
[Site "Chess.com INT"]
[Date "2022.11.29"]
[Round "7"]
[White "Pruess, David"]
[Black "Brown, Andrew"]
[Result "1-0"]
[WhiteElo "2312"]
[BlackElo "2279"]
[PlyCount "55"]
[EventDate "2022.11.29"]
[EventType "swiss (blitz)"]
[EventRounds "11"]
[EventCountry "USA"]
[SourceTitle "EXT 2024"]
[Source "ChessBase"]
[SourceDate "2023.10.10"]
[SourceVersion "1"]
[SourceVersionDate "2023.10.10"]
[SourceQuality "1"]

1. e4 g6 2. d4 Bg7 3. Nc3 c6 4. Be3 d5 5. Nf3 dxe4 6. Nxe4 Nd7 7. Bc4 Ngf6 8. Neg5 Nd5 9. Bd2 0-0 10. 0-0 b5 11. Bb3 Bb7 12. Re1 e6 13. Qe2 h6 14. Ne4 a5 15. c3 Ba6 16. Rad1 Qc7 17. Bc1 a4 18. Bc2 c5 19. dxc5 Nxc5 20. Nxc5 Qxc5 21. Ne5 b4 22. c4 Nb6 23. b3 a3 24. Nxg6 fxg6 25. Qxe6+ Rf7 26. Be3 Qe7 27. Qxb6 Raf8 28. Qxa6 1-0

[Event "Titled Tuesday intern op 22nd Nov Late"]
[Site "Chess.com INT"]
[Date "2022.11.22"]
[Round "1"]
[White "Brown, Andrew"]
[Black "Colas, Joshua"]
[Result "1-0"]
[WhiteElo "2279"]
[BlackElo "2200"]
[PlyCount "85"]
[EventDate "2022.11.22"]
[EventType "swiss (blitz)"]
[EventRounds "11"]
[EventCountry "USA"]
[SourceTitle "CBM 211 Extra"]
[Source "ChessBase"]
[SourceDate "2023.01.31"]
[SourceVersion "1"]
[SourceVersionDate "2023.01.31"]
[SourceQuality "1"]

1. d4 Nf6 2. c4 e6 3. Nc3 Bb4 4. g3 c5 5. d5 exd5 6. cxd5 0-0 7. Bg2 d6 8. Nf3 b5 9. 0-0 Bb7 10. Nh4 Bxc3 11. bxc3 Nbd7 12. Nf5 Nb6 13. e4 Re8 14. Re1 Nc4 15. g4 Nd7 16. Bf4 Nde5 17. Bg3 h6 18. Rb1 a6 19. h3 Bc8 20. f4 Bxf5 21. gxf5 Nd7 22. Bf1 Ncb6 23. Qf3 Na4 24. Rbd1 b4 25. cxb4 cxb4 26. e5 dxe5 27. fxe5 Nc3 28. Rd2 Nb6 29. e6 Nbxd5 30. Bc4 Qg5 31. Rxd5 Nxd5 32. Bxd5 fxe6 33. Bxa8 Rf8 34. h4 Qd2 35. Rd1 Qxa2 36. Be4 Kh8 37. Be5 exf5 38. Bd5 Qc2 39. Rf1 Qc5+ 40. Kg2 Qe7 41. Re1 Qxh4 42. Qh3 Qxe1 43. Qxh6# 1-0